Patiala and East Punjab states union historical background (Record no. 487423)

000 -LEADER
fixed length control field 00326cam a22001097a 4500
008 - FIXED-LENGTH DATA ELEMENTS--GENERAL INFORMATION
fixed length control field 180718b1951 xxu||||| |||| 00| 0 eng d
082 ## - DEWEY DECIMAL CLASSIFICATION NUMBER
Classification number A6x5433
245 ## - TITLE STATEMENT
Title Patiala and East Punjab states union historical background
Statement of responsibility, etc. by Ganda Singh
260 ## - PUBLICATION, DISTRIBUTION, ETC.
Place of publication, distribution, etc. Patiala
Name of publisher, distributor, etc. Archives Department
Date of publication, distribution, etc. 1951
300 ## - PHYSICAL DESCRIPTION
Extent 100p.
700 ## - ADDED ENTRY--PERSONAL NAME
Personal name Singh, Ganda
Holdings
Withdrawn status Lost status Damaged status Not for loan Permanent Location Current Location Date acquired Full call number Barcode Date last seen Price effective from Koha item type
        Indian Institute of Public Administration Indian Institute of Public Administration 2018-08-04 A6x5433 GG33511 2018-08-04 2018-08-04 GG

Powered by Koha